|
|
|
|
| LEADER |
00000cam a2200000 i 4500 |
| 001 |
1/27381 |
| 008 |
020912s1998 gre d |
| 035 |
|
|
|l 10068425
|
| 040 |
|
|
|a GR-MY-UA
|b gre
|e aacr
|
| 041 |
0 |
|
|a gre
|
| 082 |
0 |
|
|a 199.495
|
| 100 |
1 |
|
|a Πέτσιος, Κωνσταντίνος Θ.
|
| 245 |
1 |
0 |
|a Ψυχή-σώμα στη φιλοσοφική θεώρηση του Βικέντιου Δαμόδου :
|h [ανάτυπο] /
|b μια πρώιμη αξιοποίηση της καρτεσιανής σκέψης
|c Κώστας Θ. Πέτσιος
|
| 260 |
|
|
|a Ιωάννινα :
|b Δωδώνη,
|c 1998
|
| 300 |
|
|
|a [169-188] σ.
|
| 500 |
|
|
|a Ανάτυπο από την επιστημονική επετηρίδα του Τμήματος Φιλοσοφίας, Παιδαγωγικής και Ψυχολογίας της Φιλοσοφικής Σχολής του Πανεπιστημίου Ιωαννίνων, τόμος ΚΖ', μέρος τρίτο
|
| 650 |
0 |
0 |
|a Philosophy, Greek (Modern)
|
| 852 |
|
|
|a INST
|b RHODES
|e 20020912
|h 199.495 ΠΕΤ
|p 005400016173
|q 005400016173
|t BK
|y 0
|
| 901 |
|
|
|a BIBL4-2002-3
|
| 909 |
|
|
|a Ρ
|b 101347
|
| 970 |
|
|
|a ΚΟΥΛΑΚΙΟΤΗ
|b ΛΙΤΣΑ
|z 2002/09/12
|